Mentálna mapa
Riadiaca technika KVV - karta vyrovnaných výkonov. Mapa myslenia - mentálna mapa, mapa mysle. Grafické znázornenie nápadu. Podmienky a prínosy úspešnej aplikácie mentálnej mapy. Autor techniky mapy mysle - T. Buzan. Sedem Buzanových pravidiel.
Na minha lista:
| Autor principal: | |
|---|---|
| Formato: | Capítulo de Livro |
| Idioma: | eslovaco |
| Assuntos: | |
| Tags: |
Sem tags, seja o primeiro a adicionar uma tag!
|
MARC
| LEADER | 00000naa a2200000 4500 | ||
|---|---|---|---|
| 001 | 0136768 | ||
| 005 | 20231006124300.3 | ||
| 041 | 0 | |a slo | |
| 044 | |a SK | ||
| 245 | 1 | 0 | |a Mentálna mapa |c Emil Burák |
| 520 | |a Riadiaca technika KVV - karta vyrovnaných výkonov. Mapa myslenia - mentálna mapa, mapa mysle. Grafické znázornenie nápadu. Podmienky a prínosy úspešnej aplikácie mentálnej mapy. Autor techniky mapy mysle - T. Buzan. Sedem Buzanových pravidiel. | ||
| 610 | 2 | 0 | |a manažéri |
| 610 | 2 | 0 | |a riadenie |
| 610 | 2 | 0 | |a psychológia |
| 610 | 2 | 0 | |a rozhodovanie |
| 100 | 1 | |a Burák, Emil | |